000
00320nam a2200133 a 4500
005
20140414132020.0
008
110315s19uu xx 00 eng d
050
_a
TR
_b
H21 1982
100
_a
Asch, Frank
245
_a
Happy birthday, moon.
260
_a
New York :
_b
Scholastic .
999
_c
113458
_d
113458